LEADER 02191nam0 22005293i 450 001 VAN00300125 005 20260203121345.544 017 70$2N$a9789401734790 100 $a20251103d1999 |0itac50 ba 101 $aeng 102 $aNL 105 $a|||| ||||| 181 $ai$b e 182 $ab 183 $acr 200 1 $aˆThe ‰Theory of Anisotropic Elastic Plates$fTamaz S. Vashakmadze 210 $aDordrecht$cSpringer$cKluwer$d1999 215 $axv, 240 p.$d24 cm 410 1$1001VAN00022423$12001 $aMathematics and its applications$1210 $aDordrecht$cReidel$d1977-2007$1300 $aL'editore varia in: Kluwer ; [poi] Springer$v476 606 $a74-XX$xMechanics of deformable solids [MSC 2020]$3VANC022466$2MF 606 $a74E10$xAnisotropy in solid mechanics [MSC 2020]$3VANC023462$2MF 606 $a74F15$xElectromagnetic effects in solid mechanics [MSC 2020]$3VANC035274$2MF 606 $a74K20$xPlates [MSC 2020]$3VANC022467$2MF 606 $a74K25$xShells [MSC 2020]$3VANC023455$2MF 610 $aCalculus$9KW:K 610 $aCalculus of variations$9KW:K 610 $aDesign$9KW:K 610 $aDifferential equations$9KW:K 610 $aMathematics$9KW:K 610 $aMechanics$9KW:K 610 $aModeling$9KW:K 610 $aNumerics$9KW:K 610 $aOrthogonal polynomials$9KW:K 610 $aPartial Differential Equations$9KW:K 610 $aSobolev spaces$9KW:K 620 $aNL$dDordrecht$3VANL000068 700 1$aVashakmadze$bTamaz S.$3VANV254694$01854619 712 $aKluwer $3VANV108116$4650 712 $aSpringer $3VANV108073$4650 801 $aIT$bSOL$c20260206$gRICA 856 4 $uhttps://doi.org/10.1007/978-94-017-3479-0$zE-book ? Accesso al full-text attraverso riconoscimento IP di Ateneo, proxy e/o Shibboleth 899 $aBIBLIOTECA DEL DIPARTIMENTO DI MATEMATICA E FISICA$1IT-CE0120$2VAN08 912 $fN 912 $aVAN00300125 950 $aBIBLIOTECA DEL DIPARTIMENTO DI MATEMATICA E FISICA$d08DLOAD e-Book 13091 $e08eMF13091 20251203 996 $aTheory of Anisotropic Elastic Plates$94452017 997 $aUNICAMPANIA